Отчет о приходе, расходе и остатке суммы, принадлежащей местам и лицам за 1831 год

Доступно только в Электронных читальных залах Найти на картеНа карте
RUSMARC
00003655nmc2a22000003x 450
001b2e0a669-8a07-4040-9989-72e9e3c46f32
00520200601152023.0
100##$a20191015l18311832k l0rusy0189 ca
1010#$arus
102##$aRU
2001#$aОтчет о приходе, расходе и остатке суммы, принадлежащей местам и лицам за 1831 год
$j1831 г. - 1 марта 1832 г.
251##$cДело
300##$aОтчеты по Конторе императорских санкт-петербургских театров
801#0$aRU
$bРГИА
$c20191015
$gRCR
801#1$aRU
$bГлавНИВЦ
$c20191015
$2rusmarc
801#2$aRU
$bПБ им. Б.Н. Ельцина
$c20200601
$gRCR
$2rusmarc
850##$aРГИА
852##$aРГИА
$eФедеральное казенное учреждение "Российский государственный исторический архив" (РГИА)
$j1363
937##$hРГИА
$d12326233
$aASBIBLIO_SCAN
462#0$10019a35cca9-b43d-452e-af67-755266f4acb5
$12001
$a1783-1917 гг.
$1251
$cОпись
$1852
$j4
461#0$10019264ebf8-de62-4f1a-9eb4-9f22098dbbd5
$12001
$aДирекция императорских театров МИДв
$1251
$cФонд
$1852
$j497
215##$a14 л.
$d36,5х26 см
371##$aДокумент не является опубликованным и широко распространяемым
105##$ay###
1222#$ad
035##$ab2e0a669-8a07-4040-9989-72e9e3c46f32
856##$uhttp://readingroom.main.prlib.ru/item.aspx?id_node=n144858430&mode=full
Формат отображения